The time machine (Record no. 314861)
[ view plain ]
| 000 -LEADER | |
|---|---|
| fixed length control field | 00566nam a22001817a 4500 |
| 005 - DATE AND TIME OF LATEST TRANSACTION | |
| control field | 20200320214311.0 |
| 008 - FIXED-LENGTH DATA ELEMENTS--GENERAL INFORMATION | |
| fixed length control field | s xx b 00010 eng |
| 020 ## - INTERNATIONAL STANDARD BOOK NUMBER | |
| International Standard Book Number | 0866119833 |
| 092 0# - LOCALLY ASSIGNED DEWEY CALL NUMBER (OCLC) | |
| Classification number | junior fiction |
| 100 1# - MAIN ENTRY--PERSONAL NAME | |
| Personal name | Wells, H.G. |
| 9 (RLIN) | 5808341 |
| 245 14 - TITLE STATEMENT | |
| Title | The time machine |
| 260 0# - PUBLICATION, DISTRIBUTION, ETC. (IMPRINT) | |
| Place of publication, distribution, etc | New York: |
| Name of publisher, distributor, etc | Baronet Books: |
| Date of publication, distribution, etc | 1992 |
| 300 ## - PHYSICAL DESCRIPTION | |
| Extent | 238 pgs: |
| Other physical details | hardcover |
| 500 ## - GENERAL NOTE | |
| General note | Great Illustrated Classics |
| 942 ## - ADDED ENTRY ELEMENTS (KOHA) | |
| Koha item type | BOOK |
| 948 ## - LOCAL PROCESSING INFORMATION (OCLC); SERIES PART DESIGNATOR (RLIN) | |
| Series part designator, SPT (RLIN) | 11/09/2018 |
| z (OCLC) | Sirsi |
| 996 ## - | |
| -- | 157799 |
| -- | 34301001579491 |
| -- | J |
| -- | bk |
| -- | wcl |
| -- | i |
| -- | 1 |
| -- | 9.95 |
| -- | donation |
| -- | Wel |
| -- | 11/09/2018 |
| -- | 06/13/2019 |
| -- | 06/03/2019 |
| Withdrawn status | Lost status | Source of classification or shelving scheme | Damaged status | Not for loan | Collection code | Home library | Current library | Shelving location | Date acquired | Source of acquisition | Cost, normal purchase price | Total Checkouts | Total Renewals | Full call number | Barcode | Date last seen | Date checked out | Cost, replacement price | Price effective from | Koha item type |
|---|---|---|---|---|---|---|---|---|---|---|---|---|---|---|---|---|---|---|---|---|
| Dewey Decimal Classification | Junior Fiction | Wasatch County Library | Wasatch County Library | Main Floor Junior Area | 11/09/2018 | Donation | 9.95 | 10 | 9 | J Wells | 34301001579491 | 08/14/2025 | 07/03/2025 | 9.95 | 03/20/2020 | BOOK |
